Mechanics of fluids (Record no. 17493)

000 -LEADER
fixed length control field 00472nam a22001937a 4500
001 - CONTROL NUMBER
control field 17493
003 - CONTROL NUMBER IDENTIFIER
control field BD-DhUET
008 - FIXED-LENGTH DATA ELEMENTS--GENERAL INFORMATION
fixed length control field 150324b xxu||||| |||| 00| 0 eng d
040 ## - CATALOGING SOURCE
Transcribing agency 0
Modifying agency BD-DhUET
082 ## - DEWEY DECIMAL CLASSIFICATION NUMBER
Classification number 532
Item number MUR/1952
100 ## - MAIN ENTRY--PERSONAL NAME
Personal name Murphy, Glenn
245 ## - TITLE STATEMENT
Title Mechanics of fluids
250 ## - EDITION STATEMENT
Edition statement 2nd ed.
260 ## - PUBLICATION, DISTRIBUTION, ETC. (IMPRINT)
Place of publication, distribution, etc. Pennsylvania
Name of publisher, distributor, etc. International Textbook
Date of publication, distribution, etc. 1952
300 ## - PHYSICAL DESCRIPTION
Extent ix, 309p.
Other physical details ill.
504 ## - BIBLIOGRAPHY, ETC. NOTE
Bibliography, etc Includes bibliographies
650 #0 - SUBJECT ADDED ENTRY--TOPICAL TERM
Topical term or geographic name as entry element Mechanics
942 ## - ADDED ENTRY ELEMENTS (KOHA)
Koha item type General Book
Holdings
Damaged status Sublocation or collection (holding branch) Location (home branch) Not for loan Koha normalized classification for sorting Price effective from Shelving location Copy number Lost status Date acquired Koha date last seen Withdrawn status Koha full call number Piece designation (barcode) Source of classification or shelving scheme Koha item type
 Central Library, BUETCentral Library, BUET 532_000000000000000_MUR_19522015-03-24Circulation section1 2015-03-242015-03-24 532/MUR/19521650 General Book
 Central Library, BUETCentral Library, BUET 532_000000000000000_MUR_19522015-03-24Circulation section2 2015-03-242015-03-24 532/MUR/19523380 General Book
 Central Library, BUETCentral Library, BUET 532_000000000000000_MUR_19522015-03-24Circulation section3 2015-03-242015-03-24 532/MUR/19521651 General Book
 Central Library, BUETCentral Library, BUET 532_000000000000000_MUR_19522015-03-24Circulation section4 2015-03-242015-03-24 532/MUR/19521634 General Book